Faculty of Law Library — Cairo University

Official Online Catalog

Délits Et Sanctions Dans Les Sociétés Par Actions/ (Record no. 72973)

MARC details
000 -LEADER
fixed length control field 00932nam a2200289 i 4500
003 - CONTROL NUMBER IDENTIFIER
control field EG-GICUC
005 - DATE AND TIME OF LATEST TRANSACTION
control field 20260423104450.0
008 - FIXED-LENGTH DATA ELEMENTS--GENERAL INFORMATION
fixed length control field 260423s1938 fr ||||fr|||| 00| 0 fre d
040 ## - CATALOGING SOURCE
Original cataloging agency EG-GiCUC
Language of cataloging fre
Transcribing agency EG-GiCUC
Modifying agency EG-GiCUC
Description conventions Rda
082 04 - DEWEY DECIMAL CLASSIFICATION NUMBER
Edition number 21
Classification number 343.411
Item number RO . D
092 04 - LOCALLY ASSIGNED DEWEY CALL NUMBER (OCLC)
Edition number 21
099 ## - LOCAL FREE-TEXT CALL NUMBER (OCLC)
Classification number Law1 10 343.411 RO . D 1938
100 1# - MAIN ENTRY--PERSONAL NAME
Personal name Rousselet,Marcel
Relator term Auteur
245 ## - TITLE STATEMENT
Title Délits Et Sanctions Dans Les Sociétés Par Actions/
Statement of responsibility, etc. Marcel Rousselet.
264 #1 - PRODUCTION, PUBLICATION, DISTRIBUTION, MANUFACTURE, AND COPYRIGHT NOTICE
Place of production, publication, distribution, manufacture Paris:
Name of producer, publisher, distributor, manufacturer Librairie Du Recueil Sirey ,
Date of production, publication, distribution, manufacture, or copyright notice 1938.
300 ## - PHYSICAL DESCRIPTION
Extent 496 page ;
Dimensions 24 cm.
336 ## - CONTENT TYPE
Source rda contenu
Content type term texte
337 ## - MEDIA TYPE
Source rda medias
Media type term Ordinateur
338 ## - CARRIER TYPE
Source transporteur rda
Carrier type term Ressource en ligne
546 ## - LANGUAGE NOTE
Language note Texte en français
650 1# - SUBJECT ADDED ENTRY--TOPICAL TERM
Topical term or geographic name entry element Droit Pénal
650 1# - SUBJECT ADDED ENTRY--TOPICAL TERM
Topical term or geographic name entry element Code Pénal économique
700 1# - ADDED ENTRY--PERSONAL NAME
Personal name Patin,Maurice
Relator term Auteur
856 40 - ELECTRONIC LOCATION AND ACCESS
Uniform Resource Identifier <a href="https://fll.law.cu.edu.eg/fulltext/bks/B10-10714.pdf">https://fll.law.cu.edu.eg/fulltext/bks/B10-10714.pdf</a>
905 ## - Cataloger and Reviser Names
Cataloger Name: Logain Ashraf
942 ## - ADDED ENTRY ELEMENTS (KOHA)
Source of classification or shelving scheme Dewey Decimal Classification
Suppress in OPAC No
Koha item type Books
Edition 21
Holdings
Withdrawn status Lost status Source of classification or shelving scheme Damaged status Not for loan Collection Home library Current library Date acquired Total checkouts Full call number Barcode Date last seen Copy number Price effective from Koha item type
    Dewey Decimal Classification   Not for loan القانون الجنائي جــــامعة القــاهرة مكتبة كلية الحقوق - المبنى الرئيسي 23.04.2026   Law1 10 343.411 RO . D 1938 1010714 C1 B10-10714 23.04.2026 1 23.04.2026 Books

© All rights reserved — Faculty of Law, Cairo University